Các dân tộc ít người ở Việt Nam (Các tỉnh phía Bắc)

Đã lưu trong:
書目詳細資料
主要作者: Viện Dân tộc học Việt Nam
格式: 圖書
語言:Undetermined
出版: Hà Nội KHXH 1978
主題:
標簽: 添加標簽
沒有標簽, 成為第一個標記此記錄!
Thư viện lưu trữ: Trung tâm Học liệu Trường Đại học Cần Thơ
LEADER 00547nam a2200169Ia 4500
001 CTU_10163
008 210402s9999 xx 000 0 und d
082 |a 909.04 
082 |b C101 
100 |a Viện Dân tộc học Việt Nam 
245 0 |a Các dân tộc ít người ở Việt Nam (Các tỉnh phía Bắc) 
245 0 |c Viện Dân tộc học Việt Nam 
260 |a Hà Nội 
260 |b KHXH 
260 |c 1978 
650 |a ethnic groups 
980 |a Trung tâm Học liệu Trường Đại học Cần Thơ